000 00431pam a2200157a 44500
008 230515b1985 xxu||||| |||| 00| 0 eng d
020 _aNULL
041 _aENGL
082 _a331.8 KHA.
100 _a"KHAMBORKAR K. R.,"
245 _aGRIEVANCE PROCEDURE
250 _a0
260 _aNAGPUR
_bCENTRAL BORD FOR WORKERS EDUCATION
_c1985
300 _aNULL
650 _a"LABOUR ECONOMICS,INDUSTRIAL ECONOMICS,GRIEVANCE PROCEDURE"
999 _c539116
_d539116